Statistics for Where could these overseas territories be reunited with?

Click here to take the quiz!

General Stats

  • This quiz has been taken 50 times
  • The average score is 14 of 23

Answer Stats

CountryTerritoryReunite with% Correct
United StatesAmerican SamoaSamoa
93%
United KingdomFalkland IslandsArgentina
84%
United KingdomGibraltarSpain
84%
United KingdomBermudaUnited States
84%
SpainCeutaMorocco
82%
United KingdomAkrotiri and DhekeliaCyprus
76%
NetherlandsArubaVenezuela
73%
SpainMelillaMorocco
71%
United KingdomCayman IslandsCuba
67%
NetherlandsCuraçaoVenezuela
67%
FranceMayotteComoros
62%
AustraliaChristmas IslandIndonesia
62%
United KingdomBritish Indian Ocean TerritoryMaldives
62%
FranceSt Pierre and MiquelonCanada
60%
FranceRéunionMauritius
60%
United KingdomMontserratAntigua and Barbuda
49%
New ZealandNiueTonga
47%
United KingdomTurks and Caicos IslandsThe Bahamas
42%
United StatesHoward and Baker IslandsKiribati
38%
United KingdomSt HelenaAngola
36%
United StatesWake IslandMarshall Islands
36%
FranceClipperton IslandMexico
36%
NetherlandsSint EustatiusSt Kitts and Nevis
36%

Score Distribution

Percentile by Number Answered

Percent of People with Each Score

Your Score History

You have not taken this quiz